[Event "CLUB NUMERO UNO"]
[Site "SchemingMind.com"]
[Date "2008.06.09"]
[Round "-"]
[White "z"]
[Black "finlaggan"]
[Result "0-1"]
[WhiteCountry "IRQ"]
[BlackCountry "SCO"]
[WhiteElo "1779"]
[WhiteRD "62"]
[BlackElo "2154"]
[BlackRD "95"]
[GameID "158139"]

1. c4 c6 2. d4 d5 3. Nf3 Nf6 4. Nc3 e6 5. Bg5 h6 6. Bxf6 Qxf6 7. e3 Nd7 8. Rc1 g6 9. Bd3 dxc4 10. Bxc4 Bg7
11. O-O O-O 12. e4 e5 13. d5 Nb6 14. Bb3 Rd8 15. Qd3 Rd6 16. Nd2 Bg4 17. f3 Bd7 18. Nc4 Nxc4 19. Qxc4 Rd8 20. Qb4 Bc8
21. Ba4 Qg5 22. Rfe1 Bf8 23. Qa5 a6 24. Rc2 b6 25. Qxb6 cxd5 26. Qa5 d4 27. Nd5 Be6 28. Bb3 R8d7 29. Bc4 Rc6 30. b3 Rd8
31. Rf2 Bc8 32. f4 exf4 33. Rxf4 Rc5= 34. Qd2 Bd6 35. Rf2 Qxd2 36. Rxd2 Kg7 37. Rxd4 Ra5 38. Rd2 Bb4 39. Ree2 Bxd2 40. Rxd2 Rc5
41. Kf2 a5 42. Ke3 Be6 43. Kd4 Rc6 44. Kc3 Rcd6 45. Re2 a4 46. bxa4 f5 47. Nf4 Bxc4 48. Kxc4 Rd4+ 49. Kc3 Kf7 50. Rb2 fxe4
51. Rb7+ R4d7 52. Rb6 e3 53. a5 g5 54. Ne2 Rd2 55. Nc1 Rc8+ 56. Kb3 Rxc1 57. Rb7+ Ke6 58. a6 e2 59. a7 e1=Q 60. a8=Q Rb1+
0-1

[Event "CLUB NUMERO UNO"]
[Site "SchemingMind.com"]
[Date "2008.06.08"]
[Round "-"]
[White "z"]
[Black "JOZIN Z BAZIN"]
[Result "1-0"]
[WhiteCountry "IRQ"]
[BlackCountry "POL"]
[WhiteElo "1719"]
[WhiteRD "54"]
[BlackElo "1544"]
[BlackRD "60"]
[GameID "158140"]

1. b4 d5 2. Bb2 Qd6 3. a3 a5 4. b5 e5 5. e3 Nf6 6. Nf3 Bg4 7. Be2 Nbd7 8. d4 e4 9. Nfd2 h5 10. c4 b6
11. h3 Be6 12. O-O Ng4 13. hxg4 hxg4 14. g3 Bf5 15. Kg2 O-O-O 16. Nc3 Rh3 17. Nxd5 Be7 18. Nf4 Rh6 19. Rh1 Rdh8 20. Qc2 Rxh1
21. Rxh1 Rxh1 22. Kxh1
1-0

[Event "CLUB NUMERO UNO"]
[Site "SchemingMind.com"]
[Date "2008.06.06"]
[Round "-"]
[White "riverriver"]
[Black "z"]
[Result "0-1"]
[WhiteCountry "USA"]
[BlackCountry "IRQ"]
[WhiteElo "1848"]
[WhiteRD "71"]
[BlackElo "1748"]
[BlackRD "59"]
[GameID "158141"]

1. d4 b5 2. e4 a6 3. Nf3 Bb7 4. Bd3 e6 5. O-O c5 6. c3 Nf6 7. e5 Nd5 8. Bg5 Be7 9. Re1 h6 10. Be3 cxd4
11. cxd4 Nb4 12. Be2 Nd5 13. Nc3 O-O 14. Qd3 d6 15. b3 Nb4 16. Qd2 Nd7 17. Ne4 Bxe4 18. Qxb4 dxe5 19. dxe5 Bxb4 20. Rec1 Qe7
21. a4 Bxf3 22. Bxf3 Rac8 23. Rxc8 Rxc8 24. Bb7 Rc7 25. Bxa6 bxa4 26. Rxa4 Nxe5 27. Be2 Rc2 28. Bd1 Rd2 29. Bxd2 Bxd2 30. Ra2 Qb4
31. Ra8+ Kh7 32. Bc2+ g6 33. Ra2 Qc3 34. h3 Be1 35. Kf1 Bd2 36. g3 Nd3 37. Bxd3 Qxd3+ 38. Kg2 Bb4 39. Ra7 Kg7 40. Rc7 Be1
41. Rc4 Qe2 42. Rf4 e5 43. Rf3 e4 44. Rf4 e3 45. h4 exf2
0-1

[Event "CLUB NUMERO UNO"]
[Site "SchemingMind.com"]
[Date "2008.06.10"]
[Round "-"]
[White "calidore"]
[Black "z"]
[Result "0-1"]
[WhiteCountry "ISR"]
[BlackCountry "IRQ"]
[WhiteElo "1867"]
[WhiteRD "47"]
[BlackElo "1782"]
[BlackRD "54"]
[GameID "158142"]

1. e4 e6 2. d4 d5 3. e5 c5 4. c3 Nc6 5. Nf3 Bd7 6. Bd3 f5 7. exf6 Nxf6 8. O-O Bd6 9. Bg5 O-O 10. Re1 Qe8
11. Nbd2 cxd4 12. cxd4 Qh5 13. Nf1 Rae8 14. Ng3 Bxg3 15. hxg3 e5 16. dxe5 Nxe5 17. Bxf6 Nxf3+ 18. Qxf3 Rxe1+ 19. Rxe1 Qxf3 20. gxf3 Rxf6
21. f4 Re6 22. Rd1 Rb6 23. Rd2 g6 24. a3 Bg4 25. Kg2 Kf7 26. Bb1 Ke6 27. Ba2 Kd6 28. Rxd5+ Kc6 29. Rd2 Bf5 30. b4 Kb5
31. Bb3 Rc6 32. f3 Rc3 33. Rb2 b6 34. g4 Bd3 35. Kg3 Bc4 36. Bxc4+ Kxc4 37. Ra2 Kb3 38. Ra1 Kb2 39. Re1 Kxa3 40. f5 Kxb4
41. f6 Rc8 42. Re7 a5 43. Rxh7 g5 44. Rg7 Rf8 45. f7 a4 46. Rxg5 Rxf7 47. Rf5 Rg7 48. f4 a3 49. Rh5 Kc4 50. Rh2 b5
51. f5 b4 52. f6 Rg8 53. Kf4 b3 54. g5 a2 55. f7 Rf8
0-1

[Event "CLUB NUMERO UNO"]
[Site "SchemingMind.com"]
[Date "2008.06.11"]
[Round "-"]
[White "jp781"]
[Black "z"]
[Result "1-0"]
[WhiteCountry "USA"]
[BlackCountry "IRQ"]
[WhiteElo "1874"]
[WhiteRD "77"]
[BlackElo "1748"]
[BlackRD "59"]
[GameID "158143"]

1. d4 d5 2. c4 e6 3. Nc3 Nf6 4. Nf3 Be7 5. Bg5 O-O 6. e3 Nbd7 7. Bd3 c6 8. Qc2 h6 9. Bh4 b6 10. O-O-O a5
11. a4 Ba6 12. Na2 Rc8 13. Kb1 c5 14. b3 Qc7 15. Rc1 Qb7 16. h3 cxd4 17. exd4 Ba3 18. Rcd1 dxc4 19. Bxc4 b5 20. axb5 Bxb5
21. Ka1 Nd5 22. Bg3 Qc6 23. Nd2 N7b6 24. Qd3 Nxc4 25. bxc4 Bxc4 26. Nxc4 Qxc4 27. Qxa3 Rb8 28. Bxb8 Rxb8 29. Qxa5 Rb6 30. Rd2 Ra6
31. Qc5 Qb3 32. Qc8+
1-0

[Event "CLUB NUMERO UNO"]
[Site "SchemingMind.com"]
[Date "2008.06.06"]
[Round "-"]
[White "megapixel"]
[Black "z"]
[Result "1-0"]
[WhiteCountry "ENG"]
[BlackCountry "IRQ"]
[WhiteElo "1921"]
[WhiteRD "75"]
[BlackElo "1748"]
[BlackRD "59"]
[GameID "158144"]

1. Nf3 d5 2. c4 c6 3. g3 Nf6 4. Bg2 Bf5 5. b3 e6 6. Bb2 Bd6 7. O-O O-O 8. d3 Nbd7 9. Nbd2 e5 10. Re1 h6
11. cxd5 cxd5 12. e4 Bg4 13. h3 Bh5 14. exd5 Nxd5 15. Nc4 Bc7 16. Ncxe5 f6 17. Nxd7 Qxd7 18. Qd2 Rad8 19. Ba3 Rfe8 20. Rxe8+ Rxe8
21. Rc1 a5 22. Re1 Rxe1+ 23. Nxe1 b5 24. Bb2 b4 25. Nc2 Bf7 26. Ne3 Ne7 27. d4 Bb6 28. Nc4 Bc7 29. a3 Qb5 30. a4 Qd7
31. h4 Bxc4 32. bxc4 Qxa4 33. d5 Qd7 34. c5 Bb8 35. d6 Kf7 36. Qd4 Nc8 37. Qd5+ Kf8 38. Be4 a4 39. Bf5 Qd8 40. Qe6 Na7
41. Bh7
1-0

[Event "CLUB NUMERO UNO"]
[Site "SchemingMind.com"]
[Date "2008.06.06"]
[Round "-"]
[White "smothered mate"]
[Black "z"]
[Result "1/2-1/2"]
[WhiteCountry "POL"]
[BlackCountry "IRQ"]
[WhiteElo "1877"]
[WhiteRD "53"]
[BlackElo "1748"]
[BlackRD "59"]
[GameID "158145"]

1. d4 f5 2. Bg5 g6 3. e3 Bg7 4. Bc4 Nf6 5. Nf3 d6 6. c3 e6 7. Nbd2 O-O 8. Qb3 Qe7 9. Nh4 Nc6 10. Bd3 Kh8
11. f4 e5 12. fxe5 dxe5 13. O-O e4 14. Be2 Nd8 15. Rf4 Ne6 16. Nxg6+ hxg6 17. Rh4+ Kg8 18. Bc4 c6 19. g4 fxg4 20. Nxe4 b5
21. Bd3 Qe8 22. Nd6 Qd7 23. Nxc8 Raxc8 24. Bxg6 Qd5 25. Bxf6 Rxf6 26. Rxg4 Qxb3 27. axb3 Rc7 28. h4 Rf3 29. Re1 Re7 30. Be4 Rf6
31. h5 Kh8 32. Kg2 Bh6 33. Bc2 Nf4+ 34. Kh2 Nd5 35. e4 Rf2+ 36. Rg2 Rxg2+ 37. Kxg2 Nf4+ 38. Kf3 Rf7 39. Kg4 Ne6 40. d5 cxd5
41. exd5 Nc5 42. b4 Nd7 43. Re6 Bc1 44. Bg6 Rf8 45. Re2 Nf6+ 46. Kh4 Nxd5 47. Rc2 Be3 48. b3 Rf2 49. c4 Rxc2 50. Bxc2 Nxb4
51. Bd1 bxc4 52. bxc4 Kg7 53. Kg4 Kf6 54. Kf3 Bc5 55. Ke4 a5 56. Ba4 Kg5 57. Be8 Kf6 58. h6 Bf8 59. h7 Bg7 60. c5= Ke7
61. Ba4 Ke6 62. c6 Nd5 63. Bb3 a4 64. Bxd5+ Kd6 65. Kd3=
1/2-1/2

[Event "CLUB NUMERO UNO"]
[Site "SchemingMind.com"]
[Date "2008.06.06"]
[Round "-"]
[White "CenturyBugs"]
[Black "z"]
[Result "1-0"]
[WhiteCountry "ENG"]
[BlackCountry "IRQ"]
[WhiteElo "2088"]
[WhiteRD "67"]
[BlackElo "1782"]
[BlackRD "54"]
[GameID "158146"]

1. e4 d5 2. exd5 Qxd5 3. Nc3 Qa5 4. d4 Bf5 5. Qf3 c6 6. Bc4 e6 7. Bd3 Bxd3 8. Qxd3 Nf6 9. Bf4 Nbd7 10. Ne2 Be7
11. O-O O-O 12. Ne4 Nxe4 13. Qxe4 Nf6 14. Qd3 Rad8 15. c3 Rd7 16. Rfd1 Rfd8 17. h3 c5 18. Re1 cxd4 19. Nxd4 Nd5 20. Be5 Bf6
21. Bxf6 Nxf6 22. Qg3 b5 23. Nc6 Qc7 24. Qxc7
1-0

[Event "CLUB NUMERO UNO"]
[Site "SchemingMind.com"]
[Date "2008.06.09"]
[Round "-"]
[White "finlaggan"]
[Black "z"]
[Result "1-0"]
[WhiteCountry "SCO"]
[BlackCountry "IRQ"]
[WhiteElo "2124"]
[WhiteRD "92"]
[BlackElo "1782"]
[BlackRD "54"]
[GameID "158147"]

1. c4 e5 2. Nc3 Nf6 3. Nf3 Nc6 4. g3 Bb4 5. Bg2 O-O 6. O-O h6 7. Nd5 Nxd5 8. cxd5 Ne7 9. Nxe5 d6 10. Nd3 Ba5
11. e4 Bd7 12. Qf3 c6 13. b4 Bc7 14. Bb2 f5 15. Nf4 fxe4 16. Qxe4 Bf5 17. Qd4 Rf7 18. Ne6 Bxe6 19. dxe6 Rf6 20. Qe3 Rf8
21. b5 d5 22. bxc6 bxc6 23. Rfe1 Bb6 24. d4 Qd6 25. Ba3 c5 26. dxc5
1-0

[Event "CLUB NUMERO UNO"]
[Site "SchemingMind.com"]
[Date "2008.06.08"]
[Round "-"]
[White "JOZIN Z BAZIN"]
[Black "z"]
[Result "0-1"]
[WhiteCountry "POL"]
[BlackCountry "IRQ"]
[WhiteElo "1544"]
[WhiteRD "60"]
[BlackElo "1719"]
[BlackRD "54"]
[GameID "158148"]

1. c4 e5 2. g3 Nf6 3. Bg2 c6 4. a3 a5 5. d4 exd4 6. Qxd4 d6 7. Bg5 Be7 8. h4 O-O 9. Nf3 Nbd7 10. Bh3 Nc5
11. Qe3 Bxh3 12. Rxh3 Re8 13. Nbd2 h6 14. Bxh6 gxh6 15. Qxh6 Bf8 16. Qg5+ Bg7 17. h5 Nh7 18. Qg4 Kh8 19. h6 Bxb2
0-1

[Event "CLUB NUMERO UNO"]
[Site "SchemingMind.com"]
[Date "2008.06.07"]
[Round "-"]
[White "Tahur"]
[Black "riverriver"]
[Result "1/2-1/2"]
[WhiteCountry "ARG"]
[BlackCountry "USA"]
[WhiteElo "2001"]
[WhiteRD "61"]
[BlackElo "1848"]
[BlackRD "71"]
[GameID "158260"]

1. e4 e5 2. Nf3 Nc6 3. Bb5 a6 4. Ba4 Nf6 5. O-O Bc5 6. c3 Nxe4 7. d4 exd4 8. cxd4 Bb6 9. Nc3 Nxc3 10. Re1+ Ne7
11. bxc3 O-O 12. Qe2 Nd5 13. Bg5 Nf6 14. Qe5 d6 15. Bxf6 dxe5 16. Bxd8 Rxd8 17. Rxe5 Bg4 18. Rb1 Bxf3 19. gxf3 Kf8 20. Kg2 f6
21. Re2 Rab8 22. Bc2 Ba5 23. Re3 g6 24. a4 b6 25. Bb3 Rd6 26. Rc1 c5 27. d5 Re8 28. Bc4 Re5 29. f4 Rf5 30. Kg3 Rh5
31. Re6 Rxe6 32. dxe6 Ke7 33. Rd1 Bxc3 34. Rd7+ Ke8 35. Bxa6 Bb4 36. Rb7 c4 37. Bxc4 Be7 38. Rxb6 Rc5 39. Bb5+ Kd8 40. Rb7 Rc3+
41. f3 Rc7 42. Rb8+ Rc8 43. Rxc8+ Kxc8 44. a5 f5 45. a6 Kc7 46. Kf2 Bc5+ 47. Ke2 Kd6 48. Bd7 Bb6 49. Kd3 Ke7 50. Kc4 Kd6
51. h3 Be3 52. Bc8 h6 53. Kd3 Bb6 54. Bd7 Bf2 55. Kc4 Ba7 56. Bc8 Bf2 57. Bd7 Ba7 58. Bc8 Bf2 59. Bd7=
1/2-1/2

[Event "CLUB NUMERO UNO"]
[Site "SchemingMind.com"]
[Date "2008.06.07"]
[Round "-"]
[White "Tahur"]
[Black "calidore"]
[Result "1/2-1/2"]
[WhiteCountry "ARG"]
[BlackCountry "ISR"]
[WhiteElo "2005"]
[WhiteRD "60"]
[BlackElo "1899"]
[BlackRD "53"]
[GameID "158261"]

1. e4 Nf6 2. e5 Nd5 3. d4 d6 4. Nf3 Bg4 5. Be2 c6 6. O-O Bxf3 7. Bxf3 dxe5 8. dxe5 e6 9. c4 Ne7 10. Qxd8+ Kxd8
11. Nc3 Nd7 12. Rd1 Kc7 13. Be4 Ng6 14. f4 Bc5+ 15. Kh1 Rad8= 16. a4 Nb6 17. Bd3 Rd7 18. Ne4 Be7 19. Be3 Rhd8 20. Nf2 a5
21. g3 f6 22. exf6 Bxf6 23. c5 Nd5 24. Bd2 Nb4 25. Bxb4 axb4 26. Rab1 Bd4 27. Bxg6 hxg6 28. Ne4 Rd5 29. Ng5 Kd7 30. Re1 Re8
31. Ne4 Bxc5 32. Nxc5+ Rxc5 33. Rbd1+ Rd5 34. Kg2 Rxd1 35. Rxd1+ Kc7 36. Re1 c5 37. Re5 Kd6 38. Kf3 Rf8 39. Rg5 Rf6 40. Ke4 b6
41. b3 Kc6 42. Kd3 b5 43. a5 Rf7 44. Rxg6 Kd5 45. Rg5+ Kc6 46. Re5 Rd7+= 47. Ke3 Kd6 48. Ke4 Ra7 49. Rg5 Kc6 50. Rg6=
1/2-1/2

[Event "CLUB NUMERO UNO"]
[Site "SchemingMind.com"]
[Date "2008.06.07"]
[Round "-"]
[White "Tahur"]
[Black "z"]
[Result "1-0"]
[WhiteCountry "ARG"]
[BlackCountry "IRQ"]
[WhiteElo "1981"]
[WhiteRD "58"]
[BlackElo "1782"]
[BlackRD "54"]
[GameID "158262"]

1. e4 c5 2. Nf3 d6 3. d4 cxd4 4. Nxd4 Nf6 5. Nc3 g6 6. Be3 Bg7 7. Bb5+ Bd7 8. O-O O-O 9. Bxd7 Qxd7 10. f3 Nc6
11. Qd3 Ne5 12. Qe2 Rfc8 13. Rad1 Nc4 14. Bc1 Qd8 15. b3 Na5 16. Qd3 a6 17. Be3 b5 18. a3 Qc7 19. Nde2 Rab8 20. g3 Nc6
21. Qd2 Ne8 22. Nd5 Qd8 23. c3 e6 24. Ndf4 Na5 25. Qc2 Rc6 26. Rd3 Rbc8 27. Nd4 Bxd4 28. Bxd4 Qc7 29. Rfd1 g5 30. Ne2 e5
31. Be3 h6 32. Qa2 Nb7 33. a4 Ng7 34. axb5 axb5 35. Qa3 f5 36. Rd5 g4 37. fxg4 fxe4 38. Rxb5 Ne6 39. Bxh6 Nec5 40. Rf1 Nd3
41. Rf6 Nbc5 42. Rg6+ Kh7 43. Rg7+ Kxh6 44. Rxc7 R8xc7 45. b4 Ne6 46. Rd5 Ng5 47. b5 Nf3+ 48. Kg2 Nfe1+ 49. Kg1 Kg5 50. bxc6 Rh7
51. Nd4 Nf3+ 52. Nxf3+ exf3 53. Rxd3
1-0

[Event "CLUB NUMERO UNO"]
[Site "SchemingMind.com"]
[Date "2008.06.12"]
[Round "-"]
[White "Tahur"]
[Black "jp781"]
[Result "1-0"]
[WhiteCountry "ARG"]
[BlackCountry "USA"]
[WhiteElo "2001"]
[WhiteRD "61"]
[BlackElo "1874"]
[BlackRD "77"]
[GameID "158263"]

1. e4 c5 2. Nf3 d6 3. d4 cxd4 4. Nxd4 Nf6 5. Nc3 a6 6. Bg5 e6 7. Bc4 Be7 8. O-O O-O 9. f4 b5 10. Bb3 b4
11. Na4 Nxe4 12. Bxe7 Qxe7 13. Nb6 Ra7 14. a3 d5 15. f5 Qg5 16. Nxc8 Rxc8 17. fxe6 Qe3+ 18. Kh1 Nf2+ 19. Rxf2 Qxf2 20. Bxd5 Kh8
21. exf7 Rd8 22. Ne6 Rc8 23. f8=Q+ Rxf8 24. Nxf8 Qxf8 25. axb4 Qxb4 26. c3 Qe7 27. b4 Nd7 28. Bc4 Rc7 29. Qd4 h6 30. Bxa6 Rc6
31. Bd3 Re6 32. Ra8+ Nf8 33. Qf2 Re1+ 34. Bf1 Kg8 35. Rxf8+ Qxf8 36. Qxe1 g5 37. Bc4+ Kg7 38. Qe6 Qf4 39. Qg8+ Kf6 40. Qf7+ Ke5
41. Qe6#
1-0

[Event "CLUB NUMERO UNO"]
[Site "SchemingMind.com"]
[Date "2008.06.07"]
[Round "-"]
[White "Tahur"]
[Black "megapixel"]
[Result "1/2-1/2"]
[WhiteCountry "ARG"]
[BlackCountry "ENG"]
[WhiteElo "1981"]
[WhiteRD "58"]
[BlackElo "1938"]
[BlackRD "80"]
[GameID "158264"]

1. e4 c6 2. d4 d5 3. e5 c5 4. dxc5 e6 5. Qg4 h5 6. Qg3 h4 7. Qc3 Qc7 8. b4 b6 9. Nf3 bxc5 10. Bg5 Be7
11. Bxe7 Nxe7 12. Qxc5 Qxc5 13. bxc5 Ba6 14. Bd3 Bxd3 15. cxd3 Nbc6 16. Nbd2 Rb8 17. Nb3 Nf5 18. h3 a5 19. O-O a4 20. Nbd2 Ke7
21. a3 Rb5 22. Rac1 Rhb8 23. Rc3 Ncd4 24. Kh2 Ne2 25. Rc2 Nfd4 26. Nxd4 Nxd4= 27. Rcc1 Ne2 28. Rb1 Rxb1 29. Rxb1 Rxb1 30. Nxb1 Nc1
31. d4 Ne2 32. g3 hxg3+ 33. fxg3 Kd7 34. Kg2 Kc6 35. Kf2 Nxd4 36. Nc3 Nc2 37. Nxa4 Nxa3 38. Ke3 Nc4+ 39. Kd4 Nd2=
1/2-1/2

[Event "CLUB NUMERO UNO"]
[Site "SchemingMind.com"]
[Date "2008.06.09"]
[Round "-"]
[White "Tahur"]
[Black "smothered mate"]
[Result "1-0"]
[WhiteCountry "ARG"]
[BlackCountry "POL"]
[WhiteElo "2005"]
[WhiteRD "60"]
[BlackElo "1927"]
[BlackRD "49"]
[GameID "158265"]

1. e4 c5 2. Nf3 d6 3. c3 Nc6 4. d4 cxd4 5. cxd4 Nf6 6. d5 Nb8 7. Nc3 g6 8. Bg5 Bg7 9. h3 Nbd7 10. Bb5 O-O
11. O-O h6 12. Be3 Kh7 13. Rc1 a6 14. Be2 b6 15. b4 Bb7 16. a4 Rc8 17. Qb3 Ne8 18. Nd4 Qc7 19. f3 a5 20. Ncb5 Qb8
21. Nc6 Bxc6 22. Rxc6 Rxc6 23. dxc6 Ne5 24. Rc1 Nc7 25. f4 Nxc6 26. Rxc6 Nxb5 27. axb5 axb4 28. Qxb4 Qa7 29. Bxb6 Qa1+ 30. Kh2 g5
31. e5 dxe5 32. fxg5 hxg5 33. Qxe7 e4 34. Qxe4+ f5 35. Qe7 Kh8 36. Bc7 f4 37. Qxg5 Qe1 38. Qh5+
1-0

[Event "CLUB NUMERO UNO"]
[Site "SchemingMind.com"]
[Date "2008.06.10"]
[Round "-"]
[White "Tahur"]
[Black "CenturyBugs"]
[Result "1/2-1/2"]
[WhiteCountry "ARG"]
[BlackCountry "ENG"]
[WhiteElo "1981"]
[WhiteRD "58"]
[BlackElo "2088"]
[BlackRD "67"]
[GameID "158266"]

1. e4 c5 2. Nf3 Nc6 3. d4 cxd4 4. Nxd4 e5 5. Nb5 a6 6. Nd6+ Bxd6 7. Qxd6 Qf6 8. Qd3 Qg6 9. Nc3 Nf6 10. Qd6 Ng4
11. Qxg6 hxg6 12. h3 Nb4 13. Bd3 Nf6 14. b3 a5 15. Nb5 Ke7 16. Ba3 d6 17. Nxd6 Kxd6 18. c3 Kc5 19. cxb4+ axb4 20. Bb2 Re8
21. O-O Kb6 22. f4 Be6 23. Bxe5 Red8 24. Rfd1 Rd7 25. Kf2 Rad8 26. Bxf6 gxf6 27. Be2 Rd2 28. Ke3 Rxd1 29. Rxd1 Rxd1 30. Bxd1 f5
31. e5 Bd5 32. g3 Kc5 33. Be2 b6 34. h4 Bc6 35. h5 gxh5 36. Bxh5 Bd5 37. Be2 Be6 38. Bd3 Bd7 39. Be2 Be6 40. Bf1 Bc8
41. Bc4 Be6 42. Be2 Bd5 43. Bd3 Be6 44. Bc2 Bd7 45. Bd1 Bc6 46. Bc2 Bd7 47. Bd3 Be6 48. Bc2 Bd7 49. Bd1 Bc8 50. Bf3 Be6
51. Be2= Bd5 52. Bd3=
1/2-1/2

[Event "CLUB NUMERO UNO"]
[Site "SchemingMind.com"]
[Date "2008.06.09"]
[Round "-"]
[White "Tahur"]
[Black "finlaggan"]
[Result "0-1"]
[WhiteCountry "ARG"]
[BlackCountry "SCO"]
[WhiteElo "1981"]
[WhiteRD "58"]
[BlackElo "2124"]
[BlackRD "92"]
[GameID "158267"]

1. e4 e5 2. Nf3 Nc6 3. Bb5 a6 4. Bxc6 dxc6 5. O-O Be7 6. Nxe5 Qd4 7. Nf3 Qxe4 8. Re1 Qg6 9. d4 Bg4 10. c4 O-O-O
11. Ne5 Bxd1 12. Nxg6 hxg6 13. Rxd1 Bf6 14. Nc3 Rxd4 15. Rxd4 Bxd4 16. Ne2 c5 17. g3 Nf6 18. h4 Re8 19. Kf1 Ng4 20. Nxd4 cxd4
21. Bf4 c5 22. b3 Kd7 23. Kg2 Nf6 24. Kf3 Ne4 25. Rd1 Nc3 26. Rd2 Kc6 27. a3 Nb1 28. Ra2 d3 29. Ra1 d2 30. Rxb1 Re1
31. Bxd2 Rxb1 32. b4 Rb3+ 33. Be3 cxb4 34. axb4 Rxb4 35. c5 Rb3 36. Ke4 Rxe3+ 37. Kxe3 Kxc5 38. f4 a5 39. Kd3 a4 40. Kc3 b5
41. Kd3 b4 42. Kc2 Kd4 43. g4 f5 44. gxf5 gxf5 45. Kb2 Ke4 46. h5 Kxf4 47. Kb1 Kg4
0-1

[Event "CLUB NUMERO UNO"]
[Site "SchemingMind.com"]
[Date "2008.06.08"]
[Round "-"]
[White "Tahur"]
[Black "JOZIN Z BAZIN"]
[Result "1-0"]
[WhiteCountry "ARG"]
[BlackCountry "POL"]
[WhiteElo "1981"]
[WhiteRD "58"]
[BlackElo "1592"]
[BlackRD "62"]
[GameID "158268"]

1. e4 e5 2. Nf3 Nf6 3. Nxe5 d6 4. Nf3 Bg4 5. h3 Bh5 6. Nc3 Qe7 7. g4 Nxe4 8. Nxe4 Qxe4+ 9. Be2 Bg6 10. d3 Qc6
11. O-O Nd7 12. Bg5 f6 13. Be3 Be7 14. Nd4 Qb6 15. Ne6 Qc6 16. Bf3 d5 17. Bxd5 Qd6 18. Bf4 Qxf4 19. Nxg7+ Kf8 20. Ne6+ Ke8
21. Nxf4 Bf7 22. Re1 Ne5 23. d4 Bxd5 24. Nxd5 Rc8 25. dxe5 fxe5 26. Rxe5 Kf7 27. Rxe7+
1-0

[Event "CLUB NUMERO UNO"]
[Site "SchemingMind.com"]
[Date "2008.06.08"]
[Round "-"]
[White "riverriver"]
[Black "Tahur"]
[Result "1-0"]
[WhiteCountry "USA"]
[BlackCountry "ARG"]
[WhiteElo "1843"]
[WhiteRD "72"]
[BlackElo "1995"]
[BlackRD "58"]
[GameID "158269"]

1. d4 Nf6 2. c4 g6 3. Nc3 Bg7 4. e4 d6 5. f3 O-O 6. Be3 Nc6 7. Bd3 e5 8. d5 Nb4 9. Nge2 a6 10. O-O Nxd3
11. Qxd3 Bd7 12. b3 Qe7 13. Qd2 Rae8 14. Bh6 Bxh6 15. Qxh6 Kh8 16. Qe3 Rg8 17. h3 c6 18. dxc6 bxc6 19. Rad1 Bc8 20. Rd3 Rd8
21. Rfd1 Bb7 22. Qb6 Rd7 23. b4 Qd8 24. Qxd8 Rgxd8 25. Na4 d5 26. Nc5 Bc8 27. Nxd7 dxe4 28. Nxe5 exd3 29. Nxf7+ Kg7 30. Nxd8 dxe2
31. Re1 Bf5 32. Nxc6 Nh5 33. g4 Bd7 34. Ne5 Bxg4 35. hxg4 Nf4 36. c5 Nd5 37. c6 g5 38. Rxe2 Nc7 39. Rd2 Kf6 40. Nd7+ Ke6
41. Nc5+ Ke5 42. Nxa6 Nxa6 43. b5 Nc7 44. b6 Nd5 45. b7 Kd6 46. b8=Q+ Kxc6 47. Qa8+ Kd6 48. Qxd5+ Ke7 49. Qe5+
1-0

[Event "CLUB NUMERO UNO"]
[Site "SchemingMind.com"]
[Date "2008.06.12"]
[Round "-"]
[White "calidore"]
[Black "Tahur"]
[Result "0-1"]
[WhiteCountry "ISR"]
[BlackCountry "ARG"]
[WhiteElo "1899"]
[WhiteRD "53"]
[BlackElo "2005"]
[BlackRD "60"]
[GameID "158270"]

1. e4 e5 2. Nf3 Nc6 3. Bc4 Nf6 4. d4 exd4 5. e5 d5 6. Bb5 Nd7 7. Bxc6 bxc6 8. Qxd4 Ba6 9. Bg5 Be7 10. Bxe7 Qxe7
11. Nc3 O-O 12. O-O-O Rfb8 13. h4 Rb6 14. h5 Rab8 15. b3 h6 16. g4 Nc5 17. g5 Ne6 18. Qe3 Nxg5 19. Rhg1 Nxf3 20. Qxf3 Qxe5
21. Rde1 Qd6 22. Qg4 Qf6 23. Re3 Rb4 24. Qg3 Rf4 25. Re7 Rf8 26. Rxc7 Rf3 27. Qxg7+ Qxg7 28. Rxg7+ Kxg7
0-1

[Event "CLUB NUMERO UNO"]
[Site "SchemingMind.com"]
[Date "2008.06.08"]
[Round "-"]
[White "z"]
[Black "Tahur"]
[Result "0-1"]
[WhiteCountry "IRQ"]
[BlackCountry "ARG"]
[WhiteElo "1769"]
[WhiteRD "52"]
[BlackElo "2005"]
[BlackRD "60"]
[GameID "158271"]

1. d4 Nf6 2. c4 e6 3. Nc3 Bb4 4. Bd2 O-O 5. e3 d5 6. Nf3 c5 7. a3 cxd4 8. axb4 dxc3 9. bxc3 Nc6 10. Qc2 g6
11. Bd3 Qd6 12. O-O Rd8 13. Rfd1 e5 14. cxd5 Qxd5 15. Bf1 Bf5 16. Qb2 Bg4 17. Be2 e4 18. Nd4 Nxd4 19. Bxg4 Nxg4 20. cxd4 Qd6
21. g3 Qf6 22. Be1 Qf3 23. Rdc1 Rd7 24. Rc5 b6 25. Rc6 Rad8 26. Rac1 Rd5 27. Rc8 Kg7 28. b5 Rxc8 29. Rxc8 Qf5 30. Qc3 Rxb5
31. d5+ Ne5 32. f4 exf3 33. Qd4 Rxd5 34. g4 f2+ 35. Bxf2 Qb1+
0-1

[Event "CLUB NUMERO UNO"]
[Site "SchemingMind.com"]
[Date "2008.06.12"]
[Round "-"]
[White "jp781"]
[Black "Tahur"]
[Result "0-1"]
[WhiteCountry "USA"]
[BlackCountry "ARG"]
[WhiteElo "1874"]
[WhiteRD "77"]
[BlackElo "2001"]
[BlackRD "61"]
[GameID "158272"]

1. d4 Nf6 2. c4 g6 3. Nc3 d5 4. cxd5 Nxd5 5. e4 Nxc3 6. bxc3 Bg7 7. Bc4 O-O 8. Ne2 Nd7 9. O-O Nb6 10. Bb3 c5
11. d5 Bg4 12. f3 Bd7 13. Rb1 Bb5 14. c4 Nxc4 15. Bxc4 Bxc4 16. Rxb7 e6 17. d6 Bxe2 18. Qxe2 Qxd6 19. Ba3 Rfb8 20. Rfb1 Rxb7
21. Rxb7 Qd4+ 22. Kf1 Qa1+ 23. Kf2 Be5 24. Bb2 Qb1 25. a4 Bxh2 26. Qf1 Qc2+ 27. Ke3 Rd8 28. f4 Qd2+ 29. Kf3 Qxf4+ 30. Ke2 Qxe4+
31. Kf2 Rd2+
0-1

[Event "CLUB NUMERO UNO"]
[Site "SchemingMind.com"]
[Date "2008.06.08"]
[Round "-"]
[White "megapixel"]
[Black "Tahur"]
[Result "0-1"]
[WhiteCountry "ENG"]
[BlackCountry "ARG"]
[WhiteElo "1937"]
[WhiteRD "83"]
[BlackElo "2005"]
[BlackRD "60"]
[GameID "158273"]

1. Nf3 c5 2. c4 Nf6 3. g3 g6 4. Bg2 Nc6 5. d4 cxd4 6. Nxd4 Qb6 7. e3 e5 8. Nxc6 dxc6 9. O-O Be6 10. b3 Rd8
11. Qc2 Ng4 12. Nc3 Bb4 13. Bb2 Bf5 14. Qc1 Bd3 15. Rd1 O-O 16. Na4 Qa5 17. Bc3 Bxc3 18. Nxc3 Bf5 19. e4 Rxd1+ 20. Nxd1 Qe1+
21. Bf1 Bxe4 22. Qc3 Nxh2
0-1

[Event "CLUB NUMERO UNO"]
[Site "SchemingMind.com"]
[Date "2008.06.09"]
[Round "-"]
[White "smothered mate"]
[Black "Tahur"]
[Result "0-1"]
[WhiteCountry "POL"]
[BlackCountry "ARG"]
[WhiteElo "1927"]
[WhiteRD "49"]
[BlackElo "2005"]
[BlackRD "60"]
[GameID "158274"]

1. e4 c5 2. c3 d5 3. exd5 Qxd5 4. d4 e6 5. Nf3 Nf6 6. Be3 Be7 7. dxc5 Qxd1+ 8. Kxd1 Nd5 9. Bd4 O-O 10. Bc4 Nc6
11. Nbd2 Rd8 12. Kc2 a5 13. a3 f6 14. b4 e5 15. Be3 Bf5+ 16. Kb2 Kh8 17. Bxd5 Rxd5 18. c4 Rd3 19. Ne1 Rd7 20. b5 Nd4
21. Nb3 a4 22. Nxd4 exd4 23. c6 bxc6 24. bxc6 Rd6 25. c5 Rb8+ 26. Kc1 Rxc6 27. Bxd4 Rd8 28. Nf3 Bxc5 29. Bxc5 Rxc5+ 30. Kb2 Rc2+
0-1

[Event "CLUB NUMERO UNO"]
[Site "SchemingMind.com"]
[Date "2008.06.10"]
[Round "-"]
[White "CenturyBugs"]
[Black "Tahur"]
[Result "1-0"]
[WhiteCountry "ENG"]
[BlackCountry "ARG"]
[WhiteElo "2077"]
[WhiteRD "67"]
[BlackElo "1995"]
[BlackRD "58"]
[GameID "158275"]

1. e4 c5 2. c3 d5 3. exd5 Qxd5 4. d4 Nc6 5. dxc5 Qxc5 6. Be3 Qf5 7. Nf3 e5 8. Bb5 a6 9. Ba4 Nf6 10. O-O Be6
11. Bc2 Qg4 12. h3 Qh5 13. Ng5 Qxd1 14. Rxd1 Bc4 15. Nd2 Be2 16. Re1 Bh5 17. Ngf3 Be7 18. Bg5 h6 19. Bxf6 gxf6 20. g4 Bg6
21. Be4 Bxe4 22. Nxe4 h5 23. Nh2 hxg4 24. hxg4 f5 25. gxf5 O-O-O 26. Nf3 Rdg8+ 27. Kf1 Rg4 28. Ng3 Bf6 29. Re3 Rd8 30. Ke2 Kc7
31. Rh1 Rd7 32. Re4 Rg8 33. Rh7 Rgd8 34. Nh5 Bh8 35. f6 Re8 36. Ng7 Rf8 37. Nxe5 Nxe5 38. Rxe5 Kd6 39. Re4 Kc6 40. Rc4+ Kb6
41. Rb4+ Kc6 42. Rbh4 Rdd8 43. a4 b6 44. Re4 Rd6 45. Rc4+ Kb7 46. Rch4 Rdd8 47. R4h6 Kb8 48. Kf1 Rd1+ 49. Kg2 Rdd8 50. Kf3 Rd3+
51. Kf4 Rdd8 52. f3 Rc8 53. Nf5 Rcd8 54. Ne7 Rde8 55. Nc6+ Kc8 56. Ne5 Kc7 57. Nxf7 Bxf6 58. Rxf6 Re7 59. Rf5 Rg8 60. a5 Rg6
61. Ne5 Rxh7 62. Nxg6 b5 63. Rf6 Rh2 64. Rxa6 Rxb2 65. Kf5 Rc2 66. Rb6 Rxc3 67. Ke4 Rc6 68. Rxc6+ Kxc6 69. Kd4 b4 70. Kc4
1-0